Las medidas de la Gran Bretaña contra el comercio alemán (Record no. 75555)

MARC details
000 -LEADER
campo de control de longitud fija 00752nam a2200193 i 4500
001 - NÚMERO DE CONTROL
campo de control 75555
003 - IDENTIFICADOR DE NÚMERO DE CONTROL
campo de control ES-MaACL
005 - FECHA Y HORA DE LA ÚLTIMA TRANSACCIÓN
campo de control 20230906172514.0
007 - CAMPO FIJO DE DESCRIPCIÓN FÍSICA--INFORMACIÓN GENERAL
campo de control de longitud fija t|
008 - DATOS DE LONGITUD FIJA--INFORMACIÓN GENERAL
campo de control de longitud fija 040924s1916 xxk ||||1| spa d
100 1# - ENTRADA PRINCIPAL--NOMBRE DE PERSONA
Nombre de persona Grey de Fallodon, Edward Grey
Títulos y otros términos asociados al nombre Vizconde (
Fechas asociadas al nombre 1862-1933)
9 (RLIN) 59971
245 14 - MENCIÓN DEL TÍTULO
Título Las medidas de la Gran Bretaña contra el comercio alemán
Resto del título : discurso.. por Edward Grey, Ministro de Estado en la Cámara de los Comunes el 26 de enero de 1916.
260 ## - PUBLICACIÓN, DISTRIBUCIÓN, ETC.
Lugar de publicación, distribución, etc. Londres :
Nombre del editor, distribuidor, etc. Thomas Nelson & Sons ],
Fecha de publicación, distribución, etc. 1916.
300 ## - DESCRIPCIÓN FÍSICA
Extensión 34 p. ;
Dimensiones 18 cm.
650 04 - PUNTO DE ACCESO ADICIONAL DE MATERIA--TÉRMINO DE MATERIA
Término de materia o nombre geográfico como elemento de entrada Guerra mundial, 1914-1918-
Subdivisión general Aspectos económicos.
9 (RLIN) 13213
650 #4 - PUNTO DE ACCESO ADICIONAL DE MATERIA--TÉRMINO DE MATERIA
Término de materia o nombre geográfico como elemento de entrada Guerra mundial, 1914-1918-
Subdivisión geográfica Gran Bretaña.
9 (RLIN) 141633
852 ## - LOCALIZACIÓN
Ubicación ES-MaACL
Número de control de estantería 1548-F-2
852 ## - LOCALIZACIÓN
Ubicación ES-MaACL
Número de control de estantería 1588-F-10
Holdings
Estatus retirado Estado de pérdida Estado de daño No para préstamo Colección Biblioteca de origen Biblioteca actual Ubicación en estantería Fecha de adquisición Fuente de adquisición Total de préstamos Signatura topográfica completa Código de barras Visto por última vez Precio de reemplazo Tipo de ítem Koha
        Colección de folletos Biblioteca del Ateneo de Madrid Biblioteca del Ateneo de Madrid Depósito folletos 17/01/2008     1588-F-10 1079083 23/02/2023 23/02/2023 Folleto
        Colección de folletos Biblioteca del Ateneo de Madrid Biblioteca del Ateneo de Madrid Depósito folletos 17/01/2008     1548-F-2 1079082 23/02/2023 23/02/2023 Folleto